[Event "Quebec-ch U20"]
[Site "Montreal"]
[Date "2019.04.27"]
[Round "3.5"]
[White "Richard, Leo"]
[Black "Hu, Raymond"]
[Result "1-0"]
[WhiteElo "2100"]
[BlackElo "1462"]
[PlyCount "75"]
[EventDate "2019.04.??"]
[EventType "swiss"]
[EventRounds "5"]
[EventCountry "CAN"]
[SourceTitle "EXT 2022"]
[Source "ChessBase"]
[SourceDate "2021.10.06"]
[SourceVersion "1"]
[SourceVersionDate "2021.10.06"]
[SourceQuality "1"]

1. Nf3 Nf6 2. g3 g6 3. Bg2 Bg7 4. 0-0 d5 5. c4 e6 6. d4 0-0 7. Nc3 b6 8. Ne5 Bb7 9. Re1 Nbd7 10. f4 c5 11. cxd5 exd5 12. e3 Re8 13. Nb5 Nb8 14. Qc2 Na6 15. Bd2 Nc7 16. Nxc7 Qxc7 17. Rac1 Rac8 18. Bh3 c4 19. Bxc8 Bxc8 20. Qa4 Bh3 21. b3 Rf8 22. bxc4 Ne4 23. Bb4 Rb8 24. cxd5 Qb7 25. Nc6 Ra8 26. Ne7+ Kh8 27. Qc6 Qb8 28. d6 Nf6 29. f5 Bxf5 30. Nxf5 gxf5 31. d7 Qd8 32. Qxa8 Qxa8 33. Rc8+ Qxc8 34. dxc8Q+ Ng8 35. Qxf5 a6 36. Qxf7 a5 37. Bf8 Bxf8 38. Qxf8 1-0

[Event "Contrecoeur-C"]
[Site "Contrecoeur"]
[Date "2018.11.04"]
[Round "5.9"]
[White "Hu, Raymond"]
[Black "Cormier, Benoit"]
[Result "1-0"]
[WhiteElo "1393"]
[BlackElo "1272"]
[PlyCount "61"]
[EventDate "2018.11.02"]
[EventType "swiss"]
[EventRounds "5"]
[EventCountry "CAN"]
[SourceTitle "EXT 2022"]
[Source "ChessBase"]
[SourceDate "2021.10.06"]
[SourceVersion "1"]
[SourceVersionDate "2021.10.06"]
[SourceQuality "1"]

1. e4 c5 2. Nf3 Nc6 3. d4 cxd4 4. Nxd4 e5 5. Nf3 Nf6 6. Nc3 Bb4 7. Bd3 0-0 8. 0-0 Bxc3 9. bxc3 h6 10. Be3 d6 11. h3 Be6 12. Qd2 Kh7 13. Rfe1 Qd7 14. Kh2 Rfd8 15. Qe2 Qc7 16. Kg1 d5 17. exd5+ g6 18. dxe6 fxe6 19. Nd2 Ne7 20. c4 Qd6 21. f3 Nf5 22. Ne4 Nxe4 23. Bxe4 Qc7 24. Bd3 b6 25. Bf2 Re8 26. Qxe5 Qxe5 27. Rxe5 Rac8 28. a4 Nd6 29. Rae1 Nxc4 30. Rxe6 Rxe6 31. Rxe6 1-0